00394nam a2200133 a 450000100100000000500170001000800410002704000250006811000300009324500330012326000470015630000270020350400300023000003597420200930074751.0111121s19uu dr a 000 0 spa d aDO-SdBNPbspacBNPHU1 aMuseo de las Casas Reales10aSala de armas :bcatalogo /. aSanto Domingo :bAmigo del Hogar,c[198?]. a83 p. :bil. ;c26 cm. aBibliografía : p. 81-82